Poesie inedite : poemas, suites, canciones /

Guardat en:
Dades bibliogràfiques
Autor principal: García Lorca, Federico (Autor)
Altres autors: Rendina, Claudio
Format: Llibre
Idioma:italià
espanyol
Publicat: Roma : Newton Compton, 1976
Col·lecció:Paperbacks poeti ; 43
Etiquetes: Afegir etiqueta
Sense etiquetes, Sigues el primer a etiquetar aquest registre!

MARC

LEADER 00000nam a22000007i 4500
001 IT\ICCU\RAV\0028629
003 ItRI
005 20260115232403.0
008 880516s1976 it |||||| ||||| |||||c
040 |b ita  |c importazione bologna sebina 
041 7 |a ita  |a spa  |2 ISO-639-2 
082 |a 861.5  |9 POESIA SPAGNOLA. 1800-1900  |2 18 
100 1 |a García Lorca, Federico  |0 IT\ICCU\CFIV\051848  |4 aut 
240 1 0 |a Poesie inedite : poemas, suites, canciones  |3 IT\ICCU\UBO\4490619  |9 García Lorca, Federico 
245 1 0 |a Poesie inedite :  |b poemas, suites, canciones /  |c Federico García Lorca ; a cura di Claudio Rendina. 
260 |a Roma :  |b Newton Compton,  |c 1976 
300 |a 190 p. ;  |c 19 cm 
500 |a Testo orig. a fronte. 
700 1 |a Rendina, Claudio  |0 IT\ICCU\CFIV\081407 
790 1 |a García Lorca, Fidrì  |3 IT\ICCU\CFIV\051850  |z García Lorca, Federico 
790 1 |a Lorca, Federico  |3 IT\ICCU\CFIV\121149  |z García Lorca, Federico 
790 1 |a Lorca, F. G.  |3 IT\ICCU\CFIV\262138  |z García Lorca, Federico 
790 1 |a Garcia Lorca, Frederico  |3 IT\ICCU\LO1V\555559  |z García Lorca, Federico 
830 0 |a Paperbacks poeti ;  |v 43  |0 IT\ICCU\CFI\0025819 
942 |2 ddc  |c BK  |n 0 
952 |0 0  |1 0  |4 0  |6 DOC_861_620000000000000_GAR  |7 0  |9 25230  |a BO  |b BO  |d 2026-01-15  |i 1080  |l 0  |o DOC 861.62 GAR  |p BO1080  |r 2026-01-15 23:24:03  |w 2026-01-15  |x [Sebina 5] [1 v.]  |y BK  |z 1 v. 
999 |c 21439  |d 21439